Missale monasticum (Record no. 8325)
[ view plain ]
| 000 -CABECERA | |
|---|---|
| campo de control de longitud fija | 01389nam a2200325 a 4500 |
| 001 - NÚMERO DE CONTROL | |
| campo de control | BRCA_8666 |
| 005 - FECHA Y HORA DE LA ÚLTIMA TRANSACCIÓN | |
| campo de control | 20190320210349.0 |
| 008 - DATOS DE LONGITUD FIJA--INFORMACIÓN GENERAL | |
| campo de control de longitud fija | 021216s1789----it-#######---#000-0#lat-# |
| 041 ## - CÓDIGO DE LENGUA | |
| Código de lengua del texto/banda sonora o título independiente | lat |
| 044 ## - CÓDIGO DEL PAÍS DE LA ENTIDAD EDITORA/PRODUCTORA | |
| Código MARC del país | it |
| 050 #4 - SIGNATURA TOPOGRÁFICA DE LA BIBLIOTECA DEL CONGRESO | |
| Número de clasificación | BX1970 |
| Número de documento/Ítem | .V73 |
| -- | 1789 |
| 100 1# - ENTRADA PRINCIPAL--NOMBRE DE PERSONA | |
| Nombre de persona | V., Pauli |
| 9 (RLIN) | 21624 |
| 245 10 - MENCIÓN DE TÍTULO | |
| Título | Missale monasticum |
| Mención de responsabilidad, etc. | Pauli V. |
| 260 ## - PUBLICACIÓN, DISTRIBUCIÓN, ETC. | |
| Lugar de publicación, distribución, etc. | Venetiis |
| Nombre del editor, distribuidor, etc. | Ex typographia joannis antonii pezzana |
| Fecha de publicación, distribución, etc. | 1789 |
| 300 ## - DESCRIPCIÓN FÍSICA | |
| Extensión | 1 vol. (con varias paginaciones) |
| Dimensiones | 33 cm |
| 500 ## - NOTA GENERAL | |
| Nota general | Fondo antiguo |
| 500 ## - NOTA GENERAL | |
| Nota general | Se encuentra en Caja Fuerte |
| 500 ## - NOTA GENERAL | |
| Nota general | COF-31 |
| 500 ## - NOTA GENERAL | |
| Nota general | Portada impresa en dos tintas negro y rojo con grabado |
| 500 ## - NOTA GENERAL | |
| Nota general | Uso de letras capitulares |
| 500 ## - NOTA GENERAL | |
| Nota general | Texto impreso en dos columnas |
| 500 ## - NOTA GENERAL | |
| Nota general | Incluye tablas y pentagramas musicales |
| 500 ## - NOTA GENERAL | |
| Nota general | Nota de encuadernación: terciopelo y aplicaciones de plata en relieve con la imagen de ángeles y jesús, broches metálicos en plata incompletos |
| 500 ## - NOTA GENERAL | |
| Nota general | Con dedicatoria: Pius episcopus servus servorum dei, Clemens Papa VIII, Urbanus Papa VIII |
| 505 0# - NOTA DE CONTENIDO CON FORMATO | |
| Nota de contenido con formato | Se incluye otro libro con el título: Missae Sanctorum quae concessae jussu editae illustrissimi ac reverendissimo domini D. Michaelis Navazio |
| 506 0# - NOTA DE RESTRICCIONES AL ACCESO | |
| Limitaciones de acceso | Fondo reservado: para su consulta es necesario credencial de usuario y carta de motivos |
| 650 14 - PUNTO DE ACCESO ADICIONAL DE MATERIA--TÉRMINO DE MATERIA | |
| Término de materia o nombre geográfico como elemento de entrada | Iglesia católica |
| Término indicativo de función/relación | Liturgia y rigual |
| Subdivisión de forma | Misal |
| 9 (RLIN) | 21625 |
| 902 ## - CATALOGADOR | |
| Iniciales | LAR |
| 942 ## - ELEMENTOS DE PUNTO DE ACCESO ADICIONAL (KOHA) | |
| Fuente del sistema de clasificación o colocación | Library of Congress Classification |
| Tipo de ítem Koha | Libros |
| Estado de retiro | Estado de pérdida | Estado dañado | No para préstamo | Localización permanente | Ubicación/localización actual | Fecha de adquisición | Número de inventario | Total de préstamos | Signatura topográfica completa | Código de barras | Fecha visto por última vez | Precio válido a partir de | Tipo de ítem Koha |
|---|---|---|---|---|---|---|---|---|---|---|---|---|---|
| El ejemplar forma parte de la colección y puede ser consultado según las políticas vigentes. | Biblioteca del Museo Franz Mayer (Rogerio Casas-Alatriste) | Biblioteca del Museo Franz Mayer (Rogerio Casas-Alatriste) | 02/12/2016 | COF-31 | BX1970 .V73 1789 (COF-31) | LAR00165 | 22/03/2019 | 22/03/2019 | Libros |